Logo Biblioteca

Como si fuera hoy : (Registro nro. 888)

Detalles MARC
000 -LEADER
fixed length control field 01220nam a22002417a 4500
003 - CONTROL NUMBER IDENTIFIER
control field AR-RoUNCS
005 - DATE AND TIME OF LATEST TRANSACTION
control field 20260209125744.0
008 - FIXED-LENGTH DATA ELEMENTS--GENERAL INFORMATION
fixed length control field 060510s2014 ag gr 001 p spa
015 ## - NATIONAL BIBLIOGRAPHY NUMBER
National bibliography number AR-2014
040 ## - CATALOGING SOURCE
Original cataloging agency AR-BaBN
Language of cataloging spa
Transcribing agency AR-RoUNCS
Description conventions aacr
044 ## - COUNTRY OF PUBLISHING/PRODUCING ENTITY CODE
MARC country code ag
ISO country code ar-c
080 1# - UNIVERSAL DECIMAL CLASSIFICATION NUMBER
Universal Decimal Classification number 82-312.6(821.6)
Edition identifier 2016
100 1# - MAIN ENTRY--PERSONAL NAME
Personal name Aguirre, Osvaldo,
Dates associated with a name 1964-
Relator term autor
Relationship aut
245 14 - TITLE STATEMENT
Title Como si fuera hoy :
Remainder of title ayudamemoria /
Statement of responsibility, etc. Osvaldo Aguirre.
260 ## - PUBLICATION, DISTRIBUTION, ETC.
Place of publication, distribution, etc. Rosario :
Name of publisher, distributor, etc. El Ombú Bonsai,
Date of publication, distribution, etc. 2014.
300 ## - PHYSICAL DESCRIPTION
Extent 94 p. ;
Dimensions 20 cm.
490 0# - SERIES STATEMENT
Series statement Colección raíces aéreas.
520 3# - SUMMARY, ETC.
Summary, etc. Dicen que no se debe regresar al lugar en donde uno ha sido feliz, son los mismos que dicen que el autor de un crimen siempre vuelve al lugar en donde lo cometió. Para los que han llegado a la ciudad ya crecidos siempre hay en la lista de pendientes un viaje de regreso: volver al pueblo es volver al encuentro de sí mismo, aunque uno ni el pueblo sean los mismos. Pero la memoria, cuando se desata, siempre tiene una historia más para contar.<br/><br/>
561 1# - OWNERSHIP AND CUSTODIAL HISTORY
Materials specified Inventario 01251910:
Institution to which field applies AR-BaBN
650 #7 - SUBJECT ADDED ENTRY--TOPICAL TERM
Source of heading or term embne
Topical term or geographic name entry element Literatura argentina
655 #7 - INDEX TERM--GENRE/FORM
Genre/form data or focus term Novelas autobiográficas
Source of term embne
942 ## - ADDED ENTRY ELEMENTS (KOHA)
Source of classification or shelving scheme Universal Decimal Classification
Koha item type Libro de préstamo a domicilio
Suppress in OPAC No
Existencias
Withdrawn status Lost status Source of classification or shelving scheme Damaged status Not for loan Collection Home library Current library Date acquired Source of acquisition Total checkouts Full call number Barcode Date last seen Price effective from Koha item type
    Universal Decimal Classification     Colección General Biblioteca Escuela de Ciencias Sociales Biblioteca Escuela de Ciencias Sociales 09/02/2026 Donación 2023   82-312.6(821.6) A284 000320 09/02/2026 09/02/2026 Libro de préstamo a domicilio
Biblioteca de la Escuela Preuniversitaria en Ciencias Sociales y Humanísticas.
Riobamba 250 bis.
CP 2000 - Rosario - Santa Fe
E-Mail: biblioteca@esociales.unr.edu.ar